Zisky rastú... a nech rastú Zisky amerických korporácií a výnosy na akciových trhoch
Boom na kapitálovom trhu a rozvoj odvetvia finančných služieb v USA. Zisky amerických firiem za obdobie 1948-2003. Vývoj v korporátnom sektore. Zníženie zadlženosti v podnikovej sfére. Príčiny poklesu ratingu amerických nefinančných firiem a zlepšenia ratingu vo finančných spoločnostiach. Znižovani...
Gespeichert in:
| 1. Verfasser: | |
|---|---|
| Format: | Buchkapitel |
| Sprache: | Slowakisch |
| Schlagworte: | |
| Tags: |
Keine Tags, Fügen Sie das erste Tag hinzu!
|
MARC
| LEADER | 00000naa$a2200000$$$4500 | ||
|---|---|---|---|
| 001 | 0025171 | ||
| 005 | 20231019083002.3 | ||
| 041 | 0 | |a slo | |
| 044 | |a SK | ||
| 245 | 1 | 0 | |a Zisky rastú... a nech rastú |b Zisky amerických korporácií a výnosy na akciových trhoch |c Vladimír Baláž |
| 520 | |a Boom na kapitálovom trhu a rozvoj odvetvia finančných služieb v USA. Zisky amerických firiem za obdobie 1948-2003. Vývoj v korporátnom sektore. Zníženie zadlženosti v podnikovej sfére. Príčiny poklesu ratingu amerických nefinančných firiem a zlepšenia ratingu vo finančných spoločnostiach. Znižovanie dynamiky finančných firiem a pokles ziskovosti a ich vplyv na akciové indexy. Reálnosť očakávaní investorov na priaznivý vývoj indexov. Predpokladaný vývoj na akciových trhoch podľa analytikov. | ||
| 610 | 2 | 0 | |a USA |
| 610 | 2 | 0 | |a trh kapitálový |
| 610 | 2 | 0 | |a indexy burzové |
| 610 | 2 | 0 | |a zisk |
| 610 | 2 | 0 | |a rating |
| 610 | 2 | 0 | |a úrok |
| 610 | 2 | 0 | |a oddlženie |
| 610 | 2 | 0 | |a korporácie |
| 610 | 2 | 0 | |a spoločnosti finančné |
| 610 | 2 | 0 | |a investori |
| 610 | 2 | 0 | |a domácnosti |
| 610 | 2 | 0 | |a zadlženosť |
| 610 | 2 | 0 | |a zabezpečenie dôchodkové |
| 610 | 2 | 0 | |a prognózy |
| 100 | 1 | |a Baláž, Vladimír | |